| 000 | 01050cam a2200205 4500 | ||
|---|---|---|---|
| 001 | X111871 | ||
| 008 | 000000n2001 000 0 eng u | ||
| 035 | _a(Sirsi) u111871 | ||
| 245 | _aR v Rochdale MBC ex p Milne | ||
| 260 | _c2001 | ||
| 490 |
_aJournal of Planning and Environment Law _v[2001] JPL 470-494(24) |
||
| 520 | _aQBD 31 July 2000. Outline planning permission - environmental assessment- whether application for outline permission satisfied the requirements of the Environmental Assessment Regulations - s54A of the 1990 Act - whether a proposal accorded with the Development Pan where it failed to accord with every policy in the Plan - Challenge to grant of permission. Application dismissed [taken from journal headnote]. | ||
| 650 | _aR V ROCHDALE MBC EX P MILNE AND OTHERS | ||
| 650 | _aOUTLINE PLANNING PERMISSION | ||
| 650 | _aENVIRONMENTAL ASSESSMENT REGULATIONS 1999 | ||
| 650 | _aTOWN AND COUNTRY PLANNING ACT 1990 S54A | ||
| 650 | _aLOCAL DEVELOPMENT PLANS | ||
| 690 |
_aPlanning and development _96259 |
||
| 942 | _n0 | ||
| 999 |
_c66670 _d66670 |
||